Statistics for Group Theory - Modulo 5 Multiplication Grid

Click here to take the quiz!

General Stats

  • This quiz has been taken 8 times
  • The average score is 13 of 16

Answer Stats

HintAnswer% Correct
11
100%
22
100%
2
100%
33
100%
3
100%
4
100%
4
100%
44
88%
1
75%
2
75%
4
75%
1
63%
3
63%
3
63%
1
50%
2
50%

Score Distribution

Percentile by Number Answered

Percent of People with Each Score

Your Score History

You have not taken this quiz